Studies In Comparative Literature (Record no. 762)
[ view plain ]
| 000 -LEADER | |
|---|---|
| fixed length control field | 00828 a2200217 4500 |
| 008 - FIXED-LENGTH DATA ELEMENTS--GENERAL INFORMATION | |
| fixed length control field | 080820t xxu||||| |||| 00| 0 eng d |
| 010 ## - LIBRARY OF CONGRESS CONTROL NUMBER | |
| LC control number | ENG-84931 |
| 020 ## - INTERNATIONAL STANDARD BOOK NUMBER | |
| International Standard Book Number | 8180430448 |
| Terms of availability | 600.00 |
| 035 ## - SYSTEM CONTROL NUMBER | |
| System control number | EN-68464 |
| 037 ## - SOURCE OF ACQUISITION | |
| Source of stock number/acquisition | D.B.Act / Pub |
| 082 ## - DEWEY DECIMAL CLASSIFICATION NUMBER | |
| Classification number | 809 |
| 245 ## - TITLE STATEMENT | |
| Title | Studies In Comparative Literature |
| Remainder of title | Theory Culture And Space |
| Statement of responsibility, etc | edited by Jancy James...[et al] |
| 260 ## - PUBLICATION, DISTRIBUTION, ETC. (IMPRINT) | |
| Place of publication, distribution, etc | New Delhi |
| Name of publisher, distributor, etc | Creative Books |
| Date of publication, distribution, etc | 2007 |
| 270 ## - ADDRESS | |
| Address | SHANTI CB- 24,Naraina |
| City | Delhi |
| State or province | New Delhi |
| Postal code | 110028 |
| Telephone number | 25775818 |
| Electronic mail address | creativebooks2004@yahoo.com |
| 300 ## - PHYSICAL DESCRIPTION | |
| Extent | xi, 298 p. |
| Dimensions | 22 cm (Hb) |
| 650 ## - SUBJECT ADDED ENTRY--TOPICAL TERM | |
| Topical term or geographic name as entry element | Literature |
| General subdivision | Comparative |
| 700 ## - ADDED ENTRY--PERSONAL NAME | |
| Personal name | James, Jancy |
| 700 ## - ADDED ENTRY--PERSONAL NAME | |
| Personal name | Chandra Mohan |
| 942 ## - ADDED ENTRY ELEMENTS (KOHA) | |
| Institution code [OBSOLETE] | dpl |
| Koha item type | English Books |
| Call number prefix | 809/ STU |
| Source of classification or shelving scheme | Dewey Decimal Classification |
| Classification part | 809 |
| Call number suffix | STU |
| Withdrawn status | Lost status | Damaged status | Not for loan | Home library | Current library | Date acquired | Cost, normal purchase price | Total Checkouts | Full call number | Barcode | Date last seen | Copy number | Uniform Resource Identifier | Cost, replacement price | Price effective from | Koha item type |
|---|---|---|---|---|---|---|---|---|---|---|---|---|---|---|---|---|
| D.B.Act.Division | D.B.Act.Division | 20/08/2008 | 600.00 | 809 STU | EN-68464 | 15/09/2008 | 1 | 741 | 600.00 | 15/09/2008 | English Books |
